Bibliography on co-operation. (Record no. 60643)

MARC details
000 -LEADER
fixed length control field 00639cam a22002171 4500
001 - CONTROL NUMBER
control field sa 64008027
003 - CONTROL NUMBER IDENTIFIER
control field DLC
005 - DATE AND TIME OF LATEST TRANSACTION
control field 20260227112051.0
008 - FIXED-LENGTH DATA ELEMENTS--GENERAL INFORMATION
fixed length control field 810812s1963 ii b 000 0 eng
010 ## - LIBRARY OF CONGRESS CONTROL NUMBER
LC control number sa 64008027
025 ## - OVERSEAS ACQUISITION NUMBER
Overseas acquisition number PL480:I-E-3171
035 ## - SYSTEM CONTROL NUMBER
System control number (OCoLC)7662982
040 ## - CATALOGING SOURCE
Original cataloging agency DLC
Transcribing agency MnSU
Modifying agency DLC
042 ## - AUTHENTICATION CODE
Authentication code premarc
050 00 - LIBRARY OF CONGRESS CALL NUMBER
Classification number Z7164.C39
Item number N35
110 2# - MAIN ENTRY--CORPORATE NAME
Corporate name or jurisdiction name as entry element National Cooperative Union of India.
245 10 - TITLE STATEMENT
Title Bibliography on co-operation.
260 ## - PUBLICATION, DISTRIBUTION, ETC.
Place of publication, distribution, etc. New Delhi,
Name of publisher, distributor, etc. Committee for Co-operative Training (National Co-operative Union of India)
Date of publication, distribution, etc. [1963]
300 ## - PHYSICAL DESCRIPTION
Extent 171 p.
Dimensions 25 cm.
650 #0 - SUBJECT ADDED ENTRY--TOPICAL TERM
Topical term or geographic name entry element Cooperation
Form subdivision Bibliography.

No items available.

Powered by Koha